00684 2200265 4500001002100000005001500021035002000036007000300056008004100059020001800100082001100118084001700129100001600146245007200162250001000234260003000244300003100274650001900305700001100324600001100335990001800346990001800364990001800382990001800400INLIS00000000068872120161219110402 a0010-1216000188ta161219 a e ind  a9789792953862 a011.62 a011.62 WAR k0 aWarner Bros1 aKindergarten Math :bMatematika /cWarner Bros ; penerjemah, Ariata aEd. I aYogyakarta :bANDI,c2015 a32 hlm. :bilus. ;c28 cm. aBuku Anak-anak0 aAriata0 aAriata a3232/BWI/2016 a3232/BWI/2016 a3232/BWI/2016 a3232/BWI/2016